|
|
|
|
| LEADER |
00000nam0a2200000 4500 |
| 001 |
166119 |
| 005 |
20231101222612.0 |
| 010 |
|
|
|a 9785498071930
|
| 035 |
|
|
|a (RuTPU)RU\TPU\book\180197
|
| 090 |
|
|
|a 166119
|
| 100 |
|
|
|a 20090928d2010 m y0rusy50 ca
|
| 101 |
0 |
|
|a rus
|
| 102 |
|
|
|a RU
|
| 105 |
|
|
|a a j 001zy
|
| 200 |
1 |
|
|a Ценовая политика предприятия
|e учебник
|f В. М. Тарасевич
|g Санкт-Петербургский государственный университет экономики и финансов (СПбГУЭФ) ; под ред. Г. Л. Багиева
|
| 205 |
|
|
|a 3-е изд.
|
| 210 |
|
|
|a СПб.
|c Питер
|d 2010
|
| 215 |
|
|
|a 320 с.
|c ил.
|
| 225 |
1 |
|
|a Учебник для вузов
|
| 320 |
|
|
|a Библиогр.: с. 318.
|
| 330 |
|
|
|a В учебнике излагаются сущность политики цен, ее цели и стратегии. Особое внимание уделяется различным методам ценообразования и дифференциации цен. Рассматриваются математико-статистические методы и их применение при решении специфических прикладных задач ценообразования.
|
| 606 |
1 |
|
|a Предприятия
|x Экономика
|2 stltpush
|3 (RuTPU)RU\TPU\subj\36689
|9 57982
|
| 606 |
1 |
|
|a Цена и ценообразование
|2 stltpush
|3 (RuTPU)RU\TPU\subj\18111
|9 43632
|
| 610 |
1 |
|
|a экономика
|
| 610 |
1 |
|
|a ценовая политика
|
| 610 |
1 |
|
|a ценовые стратегии
|
| 610 |
1 |
|
|a конкуренция
|
| 610 |
1 |
|
|a затраты
|
| 610 |
1 |
|
|a налоги
|
| 610 |
1 |
|
|a инфляция
|
| 610 |
1 |
|
|a эластичность спроса
|
| 610 |
1 |
|
|a покупатели
|
| 610 |
1 |
|
|a покупательский спрос
|
| 610 |
1 |
|
|a покупательское поведение
|
| 610 |
1 |
|
|a психология
|
| 610 |
1 |
|
|a удовлетворенность
|
| 610 |
1 |
|
|a уравнения Гиббса
|
| 610 |
1 |
|
|a управление
|
| 610 |
1 |
|
|a спрос
|
| 610 |
1 |
|
|a эксперименты
|
| 610 |
1 |
|
|a дифференциация
|
| 610 |
1 |
|
|a учебники
|
| 686 |
|
|
|a У9(2)29я73
|v LBC/SL-A
|2 rubbk
|
| 686 |
|
|
|a У9(2)0-861я73
|v LBC/SL-A
|2 rubbk
|
| 700 |
|
1 |
|a Тарасевич
|b В. М.
|g Валентина Михайловна
|
| 702 |
|
1 |
|a Багиев
|b Г. Л.
|4 340
|
| 712 |
0 |
2 |
|a Санкт-Петербургский государственный университет экономики и финансов (СПбГУЭФ)
|c (1991- )
|2 stltpush
|3 (RuTPU)RU\TPU\col\151
|
| 801 |
|
1 |
|a RU
|b 63413507
|c 20090928
|
| 801 |
|
2 |
|a RU
|b 63413507
|c 20151105
|g RCR
|
| 900 |
|
|
|a Ценообразование
|
| 942 |
|
|
|c BK
|
| 952 |
|
|
|a 521600
|b 080100
|
| 959 |
|
|
|a 100/20090928
|d 2
|e 220,00
|f ЧЗГЛ:1
|f АНЛ:1
|